Statistics for ARL/NRL Team of the Century

Click here to take the quiz!

General Stats

  • This quiz has been taken 3 times
  • The average score is 10 of 18

Answer Stats

HintAnswer% Correct
HalfbackAndrew Johns
100%
FullbackClive Churchill
100%
CentreMal Meninga
100%
Five-EighthWally Lewis
100%
InterchangeBob Fulton
67%
InterchangeDally Messenger
67%
InterchangeFrank Burge
67%
WingKen Irvine
67%
CentreReg Gasnier
67%
PropArthur Beetson
33%
WingBrian Bevan
33%
InterchangeGraeme Langlands
33%
CoachJack Gibson
33%
LockJohnny Raper
33%
Second-RowNorm Provan
33%
Second-RowRon Coote
33%
PropDuncan Hall
0%
HookerNoel Kelly
0%

Score Distribution

Percentile by Number Answered

Percent of People with Each Score

Your Score History

You have not taken this quiz